| 000 | 00808cam a2200289 a 4500 | ||
|---|---|---|---|
| 001 | 83491 | ||
| 005 | 20230410123506.0 | ||
| 008 | 091109s2009 mx b 001 0 spa c | ||
| 035 | _a(OCoLC)ocn464272806 | ||
| 040 |
_aNDL _cNDL |
||
| 020 | _a9789700763255 | ||
| 020 | _a9700763250 | ||
| 035 | _a(OCoLC)464272806 | ||
| 042 | _apcc | ||
| 043 | _an-mx--- | ||
| 050 | 1 | 4 |
_aKGF 2921 _bS111d 2009 |
| 100 | 1 | _aSánchez Bringas, Enrique. | |
| 245 | 1 | 0 |
_aDerecho constitucional / _cEnrique Sánchez Bringas. |
| 250 | _a12a. ed. | ||
| 260 |
_aMéxico : _bEditorial Porrúa, _c2009. |
||
| 300 |
_axiv, 791 p. ; _c23 cm. |
||
| 504 | _aIncludes bibliographical references (p. 739-745) and index. | ||
| 650 | 0 |
_aConstitutional law _zMexico. |
|
| 942 |
_2lcc _cbk |
||
| 946 | _amfcruz | ||
| 994 |
_aC0 _bDRFGD |
||
| 999 |
_c62526 _d62526 |
||